[Event "AUT-chT 1998/99"]
[Site "Dornbirn"]
[Date "1999.03.14"]
[Round "11.3"]
[White "Steflitsch, Erich"]
[Black "Videki, Sandor"]
[Result "1-0"]
[WhiteElo "2325"]
[BlackElo "2430"]
[PlyCount "87"]
[EventDate "1998.11.13"]

1. e4 c5 2. Nf3 d6 3. d4 cxd4 4. Nxd4 Nf6 5. Nc3 Nc6 6. Bg5 e6 7. Bb5 Qb6 8.
Be3 Qc7 9. f4 a6 10. Be2 Na5 11. g4 b5 12. g5 Nd7 13. Bd3 Bb7 14. Qf3 Nc4 15.
O-O-O Rc8 16. Bxc4 Qxc4 17. Kb1 b4 18. Nce2 e5 19. fxe5 dxe5 20. b3 Qc7 21.
Rhf1 Nc5 22. Qh3 exd4 23. Nxd4 Nxe4 24. Rd3 g6 25. Bf4 Bd6 26. Bxd6 Qxd6 27.
Nf5 gxf5 28. Rxd6 Nxd6 29. Qh6 Kd7 30. Rd1 Rc6 31. g6 Ke7 32. g7 Rhc8 33. Qh4+
Ke6 34. Qh6+ Ke7 35. Qxh7 Ne4 36. Re1 Re6 37. Qh4+ Kd7 38. Rd1+ Kc7 39. Qf4+
Kb6 40. Rg1 Nc3+ 41. Kb2 Re2 42. g8=Q Rxc2+ 43. Kxc2 Nd5+ 44. Qxc8 1-0

[Event "AUT-chT 1998/99"]
[Site "Dornbirn"]
[Date "1999.03.14"]
[Round "11.4"]
[White "Ganaus, Hannes"]
[Black "Titz, Heimo"]
[Result "0-1"]
[WhiteElo "2225"]
[BlackElo "2305"]
[PlyCount "70"]
[EventDate "1998.11.13"]

1. d4 Nf6 2. c4 e6 3. Nc3 Bb4 4. e3 c5 5. Nge2 cxd4 6. exd4 O-O 7. a3 Be7 8.
Nf4 d5 9. cxd5 exd5 10. Be2 Nc6 11. O-O Be6 12. Bf3 Bd6 13. Be3 Rc8 14. Na4 b6
15. b4 Qc7 16. g3 a5 17. b5 Ne7 18. Rc1 Qb7 19. Qb3 Nf5 20. Ng2 Ne4 21. Rcd1
Nxe3 22. Nxe3 f5 23. Bg2 Rc7 24. f4 g6 25. Nc2 Rfc8 26. Ne1 Nc3 27. Rd3 Ne2+
28. Kh1 Nc1 29. Qd1 Nxd3 30. Qxd3 Rc4 31. Nb2 Rc3 32. Qe2 Bf7 33. a4 Qe7 34.
Qd1 Rc1 35. Qd2 Bb4 0-1

[Event "AUT-chT 1998/99"]
[Site "Dornbirn"]
[Date "1999.03.14"]
[Round "11.5"]
[White "Schumi, Manfred"]
[Black "Weissenbeck, Manuel"]
[Result "1/2-1/2"]
[WhiteElo "2260"]
[BlackElo "2200"]
[PlyCount "42"]
[EventDate "1998.11.13"]

1. e4 c5 2. Nf3 Nc6 3. d4 cxd4 4. Nxd4 Nf6 5. Nc3 e5 6. Ndb5 d6 7. Nd5 Nxd5 8.
exd5 Nb8 9. Be3 Be7 10. Qd2 a6 11. Na3 O-O 12. Nc4 Nd7 13. Be2 f5 14. f4 exf4
15. Bxf4 Nc5 16. O-O Ne4 17. Qd3 b5 18. Nd2 Nc5 19. Qg3 Bh4 20. Qh3 Bf6 21. Qg3
Bh4 1/2-1/2

[Event "AUT-chT 1998/99"]
[Site "Dornbirn"]
[Date "1999.03.14"]
[Round "11.1"]
[White "Pinter, Jozsef"]
[Black "Lukacs, Peter"]
[Result "1/2-1/2"]
[WhiteElo "2595"]
[BlackElo "2475"]
[PlyCount "28"]
[EventDate "1998.11.13"]

1. Nf3 d5 2. d4 Nf6 3. c4 e6 4. Nc3 Be7 5. Bg5 O-O 6. e3 Nbd7 7. Rc1 c6 8. Bd3
dxc4 9. Bxc4 Nd5 10. Bxe7 Qxe7 11. O-O Nxc3 12. Rxc3 e5 13. Bb3 e4 14. Nd2 Nf6
1/2-1/2

[Event "AUT-chT 1998/99"]
[Site "Dornbirn"]
[Date "1999.03.14"]
[Round "11.5"]
[White "Casagrande, Harald"]
[Black "Neulinger, Manfred"]
[Result "1-0"]
[WhiteElo "2360"]
[BlackElo "2270"]
[PlyCount "51"]
[EventDate "1998.11.13"]

1. d4 f5 2. Bg5 g6 3. Nc3 Bg7 4. e4 fxe4 5. Nxe4 Nf6 6. Ng3 Nc6 7. h4 d5 8. h5
Bg4 9. Be2 Bxe2 10. N1xe2 Ne4 11. Nxe4 dxe4 12. d5 Nb4 13. Nf4 Qd6 14. Ne6 Bxb2
15. Rb1 Bc3+ 16. Kf1 Rc8 17. hxg6 Nxd5 18. g7 Qxe6 19. gxh8=Q+ Bxh8 20. Rxh7
Bc3 21. Kg1 b6 22. Rb3 Qe5 23. Rxc3 Nxc3 24. Qh5+ Kd8 25. Bxe7+ Qxe7 26. Rxe7
1-0

[Event "AUT-chT 1998/99"]
[Site "Dornbirn"]
[Date "1999.03.14"]
[Round "11.4"]
[White "Staudner, Oliver"]
[Black "Herndl, Harald"]
[Result "1/2-1/2"]
[WhiteElo "2350"]
[BlackElo "2375"]
[PlyCount "88"]
[EventDate "1998.11.13"]

1. e4 Nf6 2. e5 Nd5 3. c4 Nb6 4. d4 d6 5. exd6 exd6 6. h3 Be7 7. Nf3 Bf5 8. Bd3
Bxd3 9. Qxd3 O-O 10. O-O Bf6 11. Nc3 Nc6 12. b3 Re8 13. Be3 d5 14. c5 Nc8 15.
Ne2 N8e7 16. Ng3 g6 17. Rab1 h5 18. h4 Qd7 19. Bg5 Bxg5 20. Nxg5 Qg4 21. Nf3
Kg7 22. Rfe1 Ng8 23. Nf1 Nf6 24. N1h2 Qf5 25. Qb5 Rab8 26. Rbc1 a6 27. Qf1 Re4
28. Rcd1 Rbe8 29. Rxe4 dxe4 30. Ng5 Nd5 31. Qe1 Re7 32. Nf1 Ncb4 33. Ne3 Nxe3
34. fxe3 Nd5 35. Qf2 Qg4 36. Rf1 f5 37. Nh3 Nb4 38. Nf4 Nd3 39. Qd2 Qxh4 40.
Nxd3 exd3 41. Rf4 Qg5 42. Qxd3 Qg3 43. Rf3 Qe1+ 44. Kh2 Re4 1/2-1/2

[Event "AUT-chT 1998/99"]
[Site "Dornbirn"]
[Date "1999.03.14"]
[Round "11.5"]
[White "Roth, Peter"]
[Black "Schneider_Zinner, Harald"]
[Result "1/2-1/2"]
[WhiteElo "2275"]
[BlackElo "2300"]
[PlyCount "64"]
[EventDate "1998.11.13"]

1. e4 e6 2. d4 d5 3. Nc3 Nf6 4. Bg5 Bb4 5. e5 h6 6. exf6 hxg5 7. fxg7 Rg8 8. h4
gxh4 9. Qh5 Qf6 10. Nf3 Nc6 11. O-O-O Bd7 12. Qxh4 Qxh4 13. Rxh4 Ke7 14. Re1
Bxc3 15. bxc3 Rxg7 16. g3 Na5 17. Ne5 c5 18. Bg2 cxd4 19. cxd4 Kd6 20. Rh6 Rd8
21. Rf6 Ke7 22. Rh6 Kd6 23. Rf6 Ke7 24. Rh6 Ba4 25. Bh3 Bd7 26. Nd3 Nc6 27. c3
Rc8 28. Kb1 Na5 29. Nb4 Kd6 30. Re5 Bc6 31. Bf1 Rgg8 32. Be2 32... Ke7 {... 42}
1/2-1/2

[Event "AUT-chT 1998/99"]
[Site "Dornbirn"]
[Date "1999.03.14"]
[Round "11.6"]
[White "Plank, Franz"]
[Black "Fahrner, Kurt"]
[Result "1/2-1/2"]
[WhiteElo "2270"]
[BlackElo "2325"]
[PlyCount "82"]
[EventDate "1998.11.13"]

1. e4 g6 2. d4 Bg7 3. Nf3 d6 4. Nc3 Nd7 5. Bc4 e6 6. Bf4 a6 7. a4 b6 8. Qd2 h6
9. h3 Bb7 10. Rd1 Ne7 11. Bb3 Nf6 12. Qe2 O-O 13. O-O b5 14. axb5 axb5 15. e5
Nfd5 16. Nxd5 Nxd5 17. Bg3 Qd7 18. Nd2 Nb6 19. Ne4 Bxe4 20. Qxe4 d5 21. Qe2 Nc4
22. c3 Rfb8 23. Bf4 Na5 24. Bc2 b4 25. Ra1 bxc3 26. bxc3 Nc4 27. Rfb1 Rxb1+ 28.
Rxb1 Qc6 29. Bd3 Nb6 30. Qb2 Qa4 31. Bb5 Qa2 32. Bd2 Qxb2 33. Rxb2 Ra1+ 34. Kh2
Bf8 35. g4 Kg7 36. Kg2 Ba3 37. Rb3 g5 38. Kf3 Bc1 39. Bxc1 Rxc1 40. Kg3 Ra1 41.
f3 f6 1/2-1/2